Régions du Danemark (Click) - Statistiques

Statistiques générales
  • Ce quiz a été pris 52 fois
  • Le résultat moyen est 4 sur 5
Statistiques - réponses
Hint Réponse % Correct

Jutland central
98%

Jutland du Nord
95%

Danemark du Sud
90%

Sjælland
74%

Hovedstaden
64%
Aucun quiz correspondant
Distribution des résultats
% des personnes avec chaque résultat
Percentile par nombre de réponses
Votre historique - résultats
Vous n’avez pas pris ce quiz